Govt. of
Madhya Pradesh

Why I Am Not A Hindu (Record no. 16667)

MARC details
000 -LEADER
fixed length control field 004050000a22001570004500
001 - CONTROL NUMBER
control field 004781
003 - CONTROL NUMBER IDENTIFIER
control field MACL
040 ## - CATALOGING SOURCE
Original cataloging agency MACL
090 ## - LOCALLY ASSIGNED LC-TYPE CALL NUMBER (OCLC); LOCAL CALL NUMBER (RLIN)
-- 16774
-- 16773
100 ## - MAIN ENTRY--PERSONAL NAME
Personal name Ilaiah, Kancha
245 ## - TITLE STATEMENT
Title Why I Am Not A Hindu
Remainder of title A Sudra Critique Of Hindutva Philosophy,Culture And Politicl Economy
Statement of responsibility, etc. Kancha Ilaiah
260 ## - PUBLICATION, DISTRIBUTION, ETC. (IMPRINT)
Place of publication, distribution, etc. Somya Publishers,
Date of publication, distribution, etc. 1996
350 ## - PRICE (NR) (BK AM CF MU VM SE) [OBSOLETE]
Price 120
650 ## - SUBJECT ADDED ENTRY--TOPICAL TERM
Topical term or geographic name as entry element Religion
942 ## - ADDED ENTRY ELEMENTS (KOHA)
Call number prefix 295
Koha item type Library Membar
Holdings
Withdrawn status Lost status Source of classification or shelving scheme Damaged status Not for loan Home library Current library Date acquired Cost, normal purchase price Total Checkouts Full call number Barcode Date last seen Uniform Resource Identifier Price effective from Koha item type
          MACL MACL 15/04/2015 120.00   294.5/ILA CRE010265 02/05/2024 16576 15/04/2015 Books